000 01224nam a22002417a 4500
999 _c58255
_d58255
003 Ge_BSU
005 20211011133017.0
008 211011s2021 xxu||||| |||| 00| 0 geo d
020 _a9789941823039
041 _ageo
080 _a327(100) ჯ-14
100 _aჯავახიშვილი, ირაკლი
_912167
245 _aდიპლომატიური მოლაპარაკებები :
_bისტორია, პროცესი, ევოლუცია /
_cირაკლი ჯავახიშვილი;
250 _aმე-2 გამოცემა
264 _aთბილისი :
_bსულხან-საბა ორბელიანის უნივერსიტეტის გამომცემლობა,
_c2021.
300 _a204 გვ.;
_b30 სმ.
504 _aბიბლიოგრაფია.: 409-418
653 _aპოლიტიკა
653 _aდიპლომატია
700 _aდარჩაშვილი, მანანა
_eრედაქტორი
_912633
710 _aსულხან-საბა ორბელიანის უნივერსიტეტი
_912634
942 _2udc
_cBK